[Event "Chalkidiki"]
[Site "Chalkidiki"]
[Date "1992.??.??"]
[Round "3"]
[White "Bologan, Viktor"]
[Black "Lautier, Joel"]
[Result "0-1"]
[WhiteElo "2555"]
[BlackElo "2580"]
[Annotator "Horn,Pe"]
[PlyCount "62"]
[EventDate "1992.09.??"]
[EventType "tourn"]
[EventRounds "11"]
[EventCountry "GRE"]
[EventCategory "14"]
[SourceTitle "CBM 032"]
[Source "ChessBase"]
[SourceDate "1993.02.01"]
[SourceVersion "1"]
[SourceVersionDate "1993.02.01"]
[SourceQuality "1"]

1. e4 {Lautier Hansen,Cu} e6 2. d3 c5 3. g3 d5 4. Nd2 Nc6 5. Bg2 g6 6. Ngf3 Bg7
7. O-O Nge7 8. Re1 O-O 9. h4 (9. c3 Qc7 (9... h6 10. e5 a5 11. d4 cxd4 12. cxd4
Nf5 13. Nb3 $2 b6 14. g4 Nh4 15. Nxh4 Qxh4 16. Bf4 a4 17. Nc1 f5 $1 $17 {
Matveeva-Chelushkina, URS zt 1985}) (9... b6 10. a4 (10. Nf1 h6 11. h4 d4 12.
e5 $13 {Petersen-Brinck Claussen, Kopenhagen op 1991}) 10... Ba6 11. exd5 Nxd5
12. Nc4 Qc7 13. Qe2 Rad8 14. h4 Rfe8 15. h5 e5 $13 {Todorcevic-Miralles,
Marseille 1988}) (9... d4 10. cxd4 Nxd4 11. Nxd4 Bxd4 12. e5 $13 {
Damljanovic-Costa, JUG-SWZ 1991}) 10. exd5 (10. Qe2 b6 (10... Bd7 11. e5 f6 12.
exf6 Rxf6 13. Nb3 b6 14. Bg5 Rf7 15. d4 Raf8 16. Bf4 Rxf4 17. gxf4 c4 18. Nbd2
Qxf4 $13 {Cuasnicu-Tempone, Frydman mem 1983}) 11. e5 Ba6 (11... Bd7 12. Nf1 f6
13. exf6 Rxf6 14. Bf4 Rxf4 15. gxf4 Qxf4 $13 {Frois-Grimaldi, Dubai ol 1986})
12. Nf1) 10... Nxd5 11. Nc4 b6 12. Ng5 $5 Bb7 13. Qg4 Rad8 $13 {
Ljubojevic-Hulak, Rovinj-Zagreb 1975}) (9. Qe2 b6 10. Nf1 Ba6 $6 11. e5 Qd7 12.
h4 Rae8 13. N1h2 Nf5 14. Bg5 h6 15. Bf4 c4 16. dxc4 Bxc4 17. Qd2 $16 {
Hartston-Farago, Örebrö 1966}) (9. e5 Qc7 (9... Nf5 10. Nf1 Nfd4 11. Nxd4 cxd4
12. f4 Bd7 13. Nd2 Rc8 14. Nf3 Qb6 15. b3 a5 16. Bb2 $14 {Pjajaren-Tarve,
Estland-ch 1976}) 10. Qe2 g5 $1 (10... b6 11. Nf1 (11. h4 Ba6 12. Nf1 (12. c3
f6 (12... Kh8 13. Nf1 Ng8 14. N1h2 Rae8 15. Bf4 Qd8 16. Ng4 h5 17. Ngh2 f5 $14
{Perez-Benkö, Amsterdam izt 1964}) 13. exf6 Rxf6 14. Nf1 e5 $132) 12... Nd4 13.
Nxd4 cxd4 14. Bf4 $40 {Dvoretzky-Khalifman, URS 1987}) 11... Ba6 12. Bf4 (12.
h4 $5 {/\ Nh2-g4}) 12... Rad8 13. h4 d4 14. N1h2 Nb4 15. Qd2 $16 {
Ciocaltea-Ilijin, Rumänien 1976}) (10... a5 11. h4 h6 12. Nf1 a4 13. a3 b5 (
13... Nd4 $5) 14. N1h2 b4 15. Bf4 Kh7 16. Ng4 Ng8 17. c4 $1 $16 {
Dvoretzki-Ubilava, URS 1979}) (10... Nd4 11. Nxd4 cxd4 12. Nf3 Nc6 13. Bf4 Bd7
14. Qd2 Rfc8 15. h4 a5 16. h5 $36 {Antunes-Ye, Dubai ol 1986}) 11. h3 Ng6 (
11... h6 12. Nb3 b6 13. d4 Ng6 14. Be3 $10 {Ciocaltea}) 12. Nb3 h6 13. Nxc5
Ncxe5 14. Nxe5 Bxe5 15. Nb3 a5 $132 {Varavin-Sergienko, Voronez 1991}) (9. c3 {
Hansen,Cu}) (9. e5 {Hansen,Cu}) 9... h6 $146 (9... Qc7 10. h5 h6 11. hxg6 fxg6
12. c3 Kh7 13. Nb3 d4 14. cxd4 cxd4 15. e5 $16 {Mortensen-Agdestein, Espoo zt
1987}) (9... e5 {Hansen,Cu} 10. exd5 Nxd5 11. c3 b6 12. Nc4 Re8 13. Qb3 Bb7 14.
Ng5 $14 {ץb7. Lau,R-Loeffler,S BL 88-89}) 10. e5 (10. c3) 10... f5 $1 11. exf6
Rxf6 12. Nh2 $2 (12. Ne5 $6 Nxe5 13. Rxe5 Rf7 14. Re1 e5) (12. Nb3 b6 13. d4
$13) (12. c3 {Hansen,Cu /\13.Nb3 b6 14.d4} e5 $132) (12. Nf1 {Lautier} Qd6 $1 {
/\ e5} 13. Bf4 Rxf4 14. gxf4 Bxb2 15. Rb1 Bc3 $17) 12... Rf7 13. Ng4 (13. Ndf1
{Hansen,Cu} e5 14. Ne3 Be6 $13) 13... Qd6 (13... e5 $6 {Lautier} 14. c4 $1) 14.
Nf3 (14. Nf1 {Hansen,Cu} Kh7 {/\e6-e5} (14... Kh7 {Lautier} 15. c4 $13)) 14...
e5 $1 {Das war Bologan offensichtlich entgangen.} 15. Ne3 (15. Nxh6+ $2 Bxh6
16. Bxh6 Bg4 $19) 15... Be6 16. c4 Raf8 (16... d4 $6 {Hansen,Cu} 17. Nf1 {
/\N1d2-e4}) 17. Nd2 (17. cxd5 Nxd5 18. Nc4 Qc7 {/\ Bg4-+}) (17. Bd2 {Hansen,Cu}
Nd4 18. Nxd4 cxd4 19. Nxd5 Bxd5 20. cxd5 Rxf2 $17) 17... Rxf2 18. cxd5 Rxg2+ (
18... Nxd5 19. Ne4 Rxg2+ 20. Kxg2 Qe7 {Zugumstellung}) 19. Kxg2 (19. Nxg2 {
Hansen,Cu} Qxd5 $44) 19... Nxd5 20. Ne4 Qe7 (20... Qd7 {Lautier would make a
mess out of it:} 21. Nxc5 $1 Bh3+ 22. Kh1 Qf7 23. Qb3 $1 Qf3+ 24. Kh2) 21. Bd2
$2 (21. Nxd5 Bxd5 $44 (21... Bxd5 {Hansen,Cu} 22. Be3 (22. b3 {Lautier} Rd8 $17
) 22... c4 $17 {/\Nb4})) 21... Nf4+ $1 $19 22. gxf4 exf4 23. Nf1 Qxh4 24. Nh2 (
24. Qf3 Nd4 $19 (24... Nd4 {Lautier} 25. Qf2 Qh3+ 26. Kg1 Nf3+ $19)) (24. Nf2 {
Lautier} f3+ 25. Kg1 Bd4 26. Be3 Rf5 $19) 24... f3+ 25. Qxf3 (25. Nxf3 Qh3+ 26.
Kf2 Bd4+ (26... Nd4 {Hansen,Cu} 27. Re3 Bg4) (26... Qh2+ {Lautier} 27. Ke3 (27.
Kf1 Bh3#) 27... Bd4+ 28. Nxd4 cxd4#) 27. Be3 Qh2+ 28. Kf1 Bh3#) (25. Kh1 Be5
$19) 25... Rxf3 26. Nxf3 Qh3+ 27. Kf2 Nd4 28. Nxd4 Bxd4+ 29. Be3 Bg4 30. Bxd4
Qf3+ 31. Kg1 Bh3 0-1

[Event "ARM-ch"]
[Site "Yerevan"]
[Date "1999.10.18"]
[Round "3"]
[White "Nalbandian, Tigran"]
[Black "Nadanian, Ashot S"]
[Result "1-0"]
[WhiteElo "2445"]
[BlackElo "2410"]
[Annotator "Horn,Pe"]
[PlyCount "51"]
[EventDate "1999.10.16"]
[EventType "tourn"]
[EventRounds "11"]
[EventCountry "ARM"]
[EventCategory "10"]
[SourceTitle "CBM 074"]
[Source "ChessBase"]
[SourceDate "2000.02.01"]
[SourceVersion "1"]
[SourceVersionDate "2000.02.01"]
[SourceQuality "1"]

1. Nf3 c5 2. g3 Nc6 3. Bg2 d5 4. O-O Nf6 5. d3 Bg4 6. c4 d4 $146 ({Erfahrung
gibt es mit} 6... e6 7. Nc3 (7. Qa4 Qd7 8. h3 Bh5 9. g4 Bg6 10. g5 Nh5 11. cxd5
exd5 12. e4 d4 13. Nh4 Bd6 14. f4 Ng3 15. Re1 Nb4 16. Qd1 Bh5 17. Qd2 h6 $1 $17
{Popovic,P-Knaak,R/Novi Sad 1979}) (7. h3) (7. Bg5 Be7 8. Qa4 Qd7 9. cxd5 exd5
10. Nc3) (7. cxd5 exd5 8. Bg5) 7... Be7 (7... d4 $5) 8. Bf4 Qb6 9. Ne5 Nxe5 10.
Bxe5 dxc4 11. Qa4+ Kf8 12. Qxc4 Qb4 13. a3 Qxc4 14. dxc4 $14 {Dunnington,
A-Marchand,F/Cannes 1992}) 7. b4 $5 cxb4 {Danach spielt Weiß ein Wolgagambit
mit einem Mehrtempo und dem ungewöhnlichen Bg4.} ({Für Spieler mit starken
Nerven bot sich hier vielleicht} 7... Nxb4 {an, z.B.:} 8. Ne5 (8. Qb3 $5 Bc8 (
8... Bxf3 9. Bxf3 $44)) 8... Bc8 9. a3 Na6 10. Qa4+ Nd7) 8. a3 a5 9. Qa4 Bd7 {
Es zeigt sich, daß Schwarz ein weiteres Tempo verliert.} 10. axb4 Nxb4 11. Qb3
Nc6 12. Bf4 $44 (12. Qxb7 $4 Rb8 13. Qa6 Rb6 $19) 12... Ng4 (12... Qc8 13. Na3
{[%cal Ra3b5]} Nh5 (13... Ng4 {[%cal Ye7e5] klappt taktisch nicht:} 14. Nb5 e5
15. Nxe5 Ngxe5 16. Bxe5 Nxe5 17. Bxb7 Qxb7 18. Nd6+ Bxd6 19. Qxb7 $18) 14. Bd2
e5 15. Rfb1 {ist ein wunderbar geglücktes Wolgagambit.}) (12... Ra7 13. Na3 $16
) 13. Qxb7 Ra7 14. Qb2 e5 15. Bg5 $1 f6 16. Bd2 $16 {[%cal Yh2h3,Yb1a3,Ya3b5]}
g5 17. Na3 h5 18. h4 gxh4 19. Nxh4 Rg8 20. Rfb1 Nb4 21. Nc2 {Weiß ist nicht
materialistisch gestimmt.} (21. Nb5 Ra6 22. Bb7) 21... Nxc2 22. Qxc2 Bc5 23.
Rb5 $1 Bxb5 (23... Bb6 24. Qb3 $18) 24. cxb5 Qb6 $2 {Verliert.} ({Widerstand
war nur mit} 24... Bb6 {möglich:} 25. Nf5 $44 {Weiß dominiert auf den weißen
Feldern.}) 25. Rc1 Qxb5 {Verkürzt die Partie ein wenig.} (25... Be7 {rettet
auch nicht:} 26. Qc8+ Bd8 27. Rc6 Qxb5 28. Rd6 $18) 26. Rb1 1-0

[Event "FIDE-Wch k.o."]
[Site "Las Vegas"]
[Date "1999.08.10"]
[Round "4.2"]
[White "Fedorov, Alexei"]
[Black "Movsesian, Sergei"]
[Result "1/2-1/2"]
[WhiteElo "2659"]
[BlackElo "2659"]
[Annotator "Horn,Pe"]
[PlyCount "178"]
[EventDate "1999.07.31"]
[EventType "k.o."]
[EventRounds "7"]
[EventCountry "USA"]
[SourceTitle "CBM 072"]
[Source "ChessBase"]
[SourceDate "1999.10.01"]
[SourceVersion "1"]
[SourceVersionDate "1999.10.01"]
[SourceQuality "1"]

1. e4 c5 2. d3 Nc6 3. g3 d5 4. Nd2 Nf6 5. Bg2 e5 6. Ngf3 Be7 7. O-O O-O 8. c3
Be6 $146 ({Reiche Erfahrungen liegen vor mit} 8... Re8) ({und} 8... d4) 9. exd5
Nxd5 10. Re1 f6 (10... Qc7 11. Qe2) 11. d4 cxd4 12. cxd4 Ndb4 13. Nb3 (13. a3
Nd3 14. Re3 Nxc1 15. Rxc1 Nxd4 16. Nxd4 Qxd4 $17) 13... Bf5 (13... Qb6 $5 14.
dxe5 Rad8 $132) 14. d5 Nb8 (14... Nxd5 15. Nxe5 fxe5 16. Qxd5+ $14) 15. Nh4 Bc2
16. Qf3 Qd7 17. a3 e4 18. Qh5 (18. Qf5) 18... Nxd5 (18... Bxb3 $2 19. Bxe4 f5
20. Bxf5 Rxf5 21. Nxf5 Nxd5 22. Bh6 $1 $16) 19. Nd4 ({Zu halsbrecherischen
Verwicklungen führt} 19. Bh3 $5 Qxh3 (19... Nf4 20. Bxf4 Qxh3 21. Qd5+ Kh8 {
läuft so ähnlich wie sofort 19...Qxh3}) 20. Qxd5+ Kh8 21. Nd4 Bd3 (21... Ba4
22. Rxe4) 22. Qh5 Qd7 23. Ng6+ Kg8 24. Nxf8 Bxf8 25. Be3) 19... Bd3 20. Bxe4
Bxe4 21. Rxe4 Nc6 22. Nxc6 (22. Nhf5 g6 23. Qg4 Kh8 24. Nxe7 Qxg4 25. Rxg4
Ncxe7 26. Re4 $11) 22... bxc6 23. Nf5 Bc5 $2 {Es kann sein, daß die äußerst
komplizierten bisher durchlaufenen Stellungen ihren Tribut an Zeit und Kraft
gekostet haben, so daß Schwarz an dieser Stelle unaufmerksam wird.} (23... g6
$142 24. Nxe7+ Nxe7 $11) 24. Qg4 Kh8 25. Re7 $1 $18 Qxe7 26. Nxe7 Nxe7 27. Bd2
(27. b4 $5 {[%cal Yc1b2]}) 27... Rfd8 28. Bb4 Bxb4 29. Qxb4 Ng6 30. Qa4 Ne5 31.
Rd1 Re8 32. Kg2 (32. f4 {eilt nicht.}) 32... h6 33. h3 Re7 34. f4 Ng6 35. Rd2 (
35. Qxc6 Re2+ 36. Kf1 $18) 35... Rc8 36. Qd1 Kh7 37. Qc2 Rce8 38. Qf5 $2 {
Ein überflüssiger Bauernverlust.} Re2+ 39. Rxe2 Rxe2+ 40. Kf3 Rxb2 41. a4 {
[%cal Rh3h4,Rh4h5]} Rd2 42. Qc5 (42. h4 Rd5) 42... Rd3+ 43. Kf2 Rd7 {Schwarz
kann den Pc6 nicht verteidigen.} 44. Qxc6 Nf8 {[%csl Gd7,Gf8] Rd7 und Nf8
haben schon ausgezeichnete Positionen eingenommen. Es ist nicht mehr leicht
für Weiß, Fortschritte zu erzielen.} 45. h4 {Es scheint mir, daß die Qc6 ein
ideales Feld auf e8 finden könnte, um die schwarze Stellung zu lähmen.} Kg8 46.
Qc4+ Kh8 47. h5 Kh7 48. Kf3 Kh8 49. Kg4 Kh7 50. Qc8 Kg8 51. Qb8 $6 ({Mit} 51.
Qe8 {könnte Weiß versuchen, den Rd7 durch Zugzwang aus seiner idealen Position
zu verdrängen.}) 51... Kf7 {Nun kooperiert auch noch der Kf7 mit Rd7 und Nf8.}
52. Qb3+ Ke8 53. Kf5 Re7 54. Qg8 Rf7 55. Ke4 $2 (55. g4) 55... f5+ $1 56. Kd5
Ke7 57. Kc6 Ke6 58. Kb5 Kf6 59. Kc4 Rc7+ 60. Kd3 Rf7 61. Ke3 Re7+ 62. Kf2 Rf7
63. Kg2 Ke6 64. Kf3 Kf6 65. Kf2 Ke7 66. Kf1 Ke6 67. Kg1 Ke7 68. Kh2 Kf6 69. Kh3
Ke6 70. g4 fxg4+ 71. Kxg4 Ke7 72. f5 Kf6 73. Kf4 Ke7 74. Ke4 Kf6 75. Kd5 Ke7
76. Kc6 Ke8 77. Kd6 Rd7+ 78. Kc5 Rf7 79. Kc4 Rc7+ 80. Kb5 Rf7 81. Ka6 Rxf5 82.
Qxg7 Rxh5 83. a5 Rd5 84. Qxa7 Ne6 85. Qh7 Rd6+ 86. Kb5 Kd8 87. Qg8+ Kd7 88.
Qf7+ Kd8 89. Kb4 Nc7 1/2-1/2

[Event "RUS-ch"]
[Site "Elista"]
[Date "1996.??.??"]
[Round "8"]
[White "Beshukov, Sergei"]
[Black "Sokolov, Andrei"]
[Result "1/2-1/2"]
[WhiteElo "2460"]
[BlackElo "2585"]
[Annotator "Horn,Pe"]
[PlyCount "117"]
[EventDate "1996.10.15"]
[EventType "swiss"]
[EventRounds "11"]
[EventCountry "RUS"]
[SourceTitle "CBM 056"]
[Source "ChessBase"]
[SourceDate "1997.02.01"]
[SourceVersion "1"]
[SourceVersionDate "1997.02.01"]
[SourceQuality "1"]

1. e4 c5 2. Nf3 e6 3. d3 Nc6 4. g3 d5 5. Qe2 Nge7 6. Bg2 g6 7. O-O Bg7 8. c3 b6
9. Na3 {Mit Ehlvest-Yusupov, Novgorod 1995 ist der weiße Aufbau mit Qe2 und
Na3 ins Interesse gerückt. Die bisherigen Erfahrungen waren für Weiß recht
ermutigend.} Ba6 10. e5 Qc7 11. Re1 h6 12. h4 O-O-O 13. Rb1 {[%cal Yb2b4]} g5
14. hxg5 hxg5 $146 (14... Ng6 15. gxh6 Bxe5 16. Nxe5 Ncxe5 17. c4 Nc6 18. Nc2
dxc4 19. dxc4 Bb7 20. Bg5 $16 {Ehlvest-Yusupov/Novgorod/1995}) 15. Bxg5 Ng6 16.
Bxd8 Rxd8 {Der Pe5 ist verloren, aber selbst danach bleibt Schwarz mit einer
Qualität im Hintertreffen. Die Kompensation dafür scheint mir fraglich.} 17.
Qd1 {[%cal Yd3d4]} (17. b4 $5 Ncxe5 18. Nxe5 Nxe5 19. b5 (19. Red1 c4 20. d4
Nd3 21. Nc2 $16 {[%cal Yc2e1]}) 19... Bb7 20. d4 $16) 17... Ngxe5 18. Nxe5 Bxe5
19. d4 $5 (19. Nc2 $16) 19... cxd4 20. Qa4 (20. c4 $5) 20... Kb7 (20... Qb7 21.
c4 $5 (21. cxd4 b5 (21... Bxd4 22. Rbc1 $18) 22. Qc2 Bxd4 23. Rbc1 Rd6 24. b4
$16 {[%csl Ra6]} (24. Qd2 $5)) 21... Bxc4 22. Nxc4 b5 23. Nxe5 bxa4 24. Nxc6
Rh8 25. Nxd4 $16) 21. b4 $1 Bd3 $8 22. Rbd1 Bg6 23. Nb5 (23. b5 Ne7 24. cxd4
$16) 23... Qd7 24. Nxd4 Bxd4 (24... Nxd4 25. Qxd7+ Rxd7 26. Rxe5 $18) 25. cxd4
Qe7 26. a3 Qf6 27. b5 Na5 (27... Ne7 28. Rc1 Nf5 (28... Kb8 29. Qb4 Nf5 30. Qc3
Nxd4 31. Qc7+ Ka8 32. Bxd5+ $1 exd5 33. Re7 $18) 29. Qc4 $18) 28. Rc1 Kb8 {
/\ Nc4} 29. Qb4 Nc4 30. Rxc4 $1 {[%csl Gg2] Weiß läßt es nicht an kräftigem
Auftreten fehlen.} (30. Bf1 Nd6 (30... Qxd4 31. Bxc4 dxc4 32. Rxc4 Qd5 33. Rec1
$16) 31. Qc3 Rc8 32. Qe3 $16) 30... dxc4 31. Qxc4 {[%cal Rc4c6]} Rc8 $8 (31...
Rd6 32. d5 $18) 32. Bc6 Qf3 $6 33. Qb4 (33. Qxe6 $142 Qxg3+ (33... fxe6 34.
Bxf3 $18) 34. fxg3 fxe6 35. Rxe6 $18) 33... Rxc6 (33... Qf6 34. Bd7 $18) 34.
bxc6 Qxc6 35. Qd2 Kb7 36. Rc1 Qd5 37. Qc3 $18 {[%cal Rc3c8]} Ka6 38. Qc4+ $2 {
Das gibt Schwarz unnötigerweise wieder Hoffnungen.} (38. f3 Qa2 39. Rd1 $18)
38... Qxc4 39. Rxc4 Kb5 40. Rc3 (40. Rb4+ $5 {/\ f3,Kf2-e3}) 40... Ka4 {
Schwarz kann auf dem Damenflügel (mit a5,b5-b4) einen Freibauern bilden, den
der Ka4 gut unterstützt.} 41. Kf1 {Der Kg1 kommt doch nicht mehr rechtzeitig
am Damenflügel an, um den entstehenden Freibauern zu bremsen. So kam es in
Frage, zu versuchen, selbst einen Freibauern zu bilden.} (41. f4 $1 a5 (41...
b5 42. g4 Be4 (42... a5 43. d5 $1 exd5 (43... b4 44. axb4 Kxb4 45. d6 $18) 44.
f5 Bh7 45. Rh3 Bg8 46. Rh8 Kxa3 47. Rxg8 b4 48. g5 b3 49. g6) 43. Rc7 a5 44.
Rxf7 Kxa3 45. f5 exf5 (45... b4 46. fxe6 b3 47. e7 b2 48. Rf1 $18) 46. Rxf5 $1
(46. gxf5 b4 47. Ra7 b3 48. Rxa5+ Kb4 $11) 46... Kb4 47. Re5 Bd3 48. Kf2 a4 49.
Ke3 Kc3 50. d5 a3 51. Re7 Bc2 (51... a2 52. Ra7 Bc4 53. d6 $18) 52. d6 a2 53.
Ra7 Ba4 54. Rc7+ Kb2 55. d7 a1=Q 56. d8=Q $16) 42. g4 Be4 (42... b5 43. d5 $18
{->41...b5}) 43. Kf2 b5 44. Ke3 b4 (44... Bd5 45. g5 b4 46. axb4 Kxb4 (46...
axb4 47. Rc7 b3 48. Kd3 Kb4 49. Rxf7 e5 50. g6 exf4 51. Rf6 Bc4+ 52. Kd2) 47.
Rc7 a4 48. Rxf7 $18) 45. axb4 axb4 (45... Kxb4 46. Rc7 f5 (46... Bg6 47. d5 $18
) 47. g5 $18) 46. Rc8 Bd5 47. Kd3 $18) 41... b5 42. Ke1 a5 43. Kd2 b4 44. axb4
Kxb4 $1 45. Rc7 a4 46. Rb7+ (46. Kc1 a3 47. g4 Kb3 $11) 46... Kc4 47. Ra7 Kb3
48. g4 a3 49. f4 a2 50. d5 Be4 (50... exd5 51. f5 Bh7 52. Kc1 d4 $11) 51. dxe6
(51. d6 Bc6 52. Kc1 Bd7 53. g5 Bc6 54. Ra5 Bd7 55. Ra6 Bb5 $11) 51... fxe6 52.
Ke3 Bc6 53. Rxa2 Kxa2 54. Kd4 Bf3 55. g5 Kb3 56. Ke5 Bg4 57. Kf6 Bf5 58. g6
Bxg6 59. Kxg6 1/2-1/2

[Event "Belgrade IKO"]
[Site "Belgrade"]
[Date "1992.??.??"]
[Round "5"]
[White "Damljanovic, Branko"]
[Black "Levin, Felix"]
[Result "1-0"]
[WhiteElo "2595"]
[BlackElo "2475"]
[Annotator "Horn,Pe"]
[PlyCount "80"]
[EventDate "1992.07.??"]
[EventType "tourn"]
[EventRounds "13"]
[EventCountry "YUG"]
[EventCategory "10"]
[SourceTitle "CBM 031"]
[Source "ChessBase"]
[SourceDate "1992.12.01"]
[SourceVersion "1"]
[SourceVersionDate "1992.12.01"]
[SourceQuality "1"]

1. Nf3 c5 2. g3 Nc6 3. Bg2 g6 4. O-O Bg7 5. c3 d5 6. d3 e6 7. Nbd2 Nge7 8. e4
b6 9. Re1 Bb7 (9... a5 $1 {Kasparov}) 10. Qe2 Ba6 $6 (10... h6 11. h4 Qd7 12.
Nf1 dxe4 {remis in Casper-Vogt, Leipzig 88}) (10... Qc7 11. Nf1 h6 12. h4 d4 $5
13. c4 e5 14. h5 $13 {Davies-Raupp, BL 87/88}) 11. exd5 $1 exd5 (11... Nxd5 $5)
12. Nf1 O-O 13. Bf4 Qd7 (13... h6 $1 14. h4 Qd7) 14. Qd2 $14 d4 15. c4 Bb7 16.
h4 Rae8 17. N1h2 Nc8 18. a3 a5 19. Bh6 f6 (19... Bxh6 20. Qxh6 f6) 20. Bf4 a4
21. Rxe8 Rxe8 22. Re1 Re7 23. Qd1 Na5 24. Rxe7 Nxe7 25. Qf1 $1 {/\ Bh3} Nb3 26.
Bh3 Qc6 27. Qe2 Kf7 28. Bg2 {/\ Ng5} Qd7 29. h5 $1 Bc8 (29... g5 $2 30. Bxg5
fxg5 31. Nxg5+ $18 Kg8 (31... Kf8 32. Bxb7 Qxb7 33. Ne6+ Kg8 34. Qg4 Nc8 35. h6
$18) 32. Bxb7 Qxb7 33. Qe6+ Kh8 34. Nf7+ Kg8 35. Nd6+ $18) 30. hxg6+ hxg6 (
30... Nxg6 31. Bb8 $16) 31. g4 Qe6 32. Qd1 Bd7 33. g5 f5 34. Nf1 $1 {/\ N1d2}
b5 35. N1d2 Na5 36. Bc7 Nb7 37. b3 Nd6 38. bxa4 bxa4 (38... bxc4 39. Bxd6 Qxd6
40. Nxc4 $16) 39. Qb1 Bc8 $2 (39... Ne8) 40. Qb8 Qe2 $4 (40... Ne8 41. Be5 $18)
1-0

[Event "Pamplona 9596 6th"]
[Site "Pamplona"]
[Date "1996.??.??"]
[Round "?"]
[White "Ljubojevic, Ljubomir"]
[Black "De la Villa Garcia, Jesus Maria"]
[Result "1/2-1/2"]
[WhiteElo "2600"]
[BlackElo "2500"]
[Annotator "Horn,Pe"]
[PlyCount "120"]
[EventDate "1995.12.??"]
[EventType "tourn"]
[EventRounds "9"]
[EventCountry "ESP"]
[EventCategory "13"]
[SourceTitle "CBM 052"]
[Source "ChessBase"]
[SourceDate "1996.06.01"]
[SourceVersion "1"]
[SourceVersionDate "1996.06.01"]
[SourceQuality "1"]

1. e4 {Endspiel-CD Schulz,A} e6 2. d3 d5 3. Nd2 c5 4. Ngf3 Nc6 5. g3 Bd6 6. Bg2
Nge7 7. O-O O-O 8. Re1 f6 9. c3 Bd7 (9... Qc7 10. a3 (10. exd5 exd5 11. Nb3 b6
12. d4 c4 13. Nbd2 Bd7 14. Nf1 Rab8 15. Ne3 Nd8 16. Nh4 Be6 17. Bf3 g5 18. Nhg2
Kg7 19. Nf1 Qd7 20. Bd2 Ng6 21. Nge3 Bc7 22. Bh1 f5 23. Nc2 f4 $17 {
Cisneros-Munoz/ESP-ch/1991}) 10... a5 (10... Bd7 11. Qe2 Rac8 12. Nb3 $6 (12.
b4 b5 $10) 12... Qb6 13. Nbd2 Kh8 14. Bh3 Qc7 15. b4 e5 $1 16. Bxd7 Qxd7 17. b5
Nd8 18. c4 dxe4 $1 $15 {Zapata-Lautier/Novi Sad olm/1990}) 11. exd5 (11. d4 $5)
11... exd5 12. a4 Bd7 13. Nb1 Rae8 14. Na3 Na7 15. Bd2 Bc6 16. Qc2 Qd7 17. b3
Ng6 18. Rxe8 Rxe8 19. Re1 Rxe1+ 20. Bxe1 {1/2-1/2 Komliakov-Legky/RUS Army-ch/
1995} (20. Bxe1 c4 $1 $17)) 10. a3 a5 $6 (10... Qc7 11. b4 $6 {Lautier} (11.
Qe2 $142 {-> Zapata-Lautier/Novi Sad olm/1990}) 11... cxb4 12. axb4 (12. cxb4
Ne5 $15) 12... Ne5 13. Nxe5 Bxe5 14. Bb2 Bxc3 15. Rc1 d4 16. Nb1 Qb6 17. Nxc3
Qxb4 $1 $15) 11. d4 cxd4 12. exd5 exd5 (12... dxc3 $2 13. Nc4 $18) (12... Nxd5
$5 13. Ne4 Be7 14. cxd4 (14. Nxd4 Nxd4 15. Qxd4 Bc6)) 13. Nxd4 Nxd4 14. cxd4
Qb6 15. Nb1 {[%csl Rd5] /\ Nc3} Rad8 (15... Rfe8 16. Nc3 Bc6 17. Bh3) 16. Nc3
Kh8 $6 (16... Bc6 17. Rb1 {[%csl Rd5] /\ b2-b4-b5} (17. Bh3 Bd7) 17... Nf5) 17.
Qd3 (17. Nxd5 $1 Nxd5 18. Bxd5 Bf5 (18... Bc6 19. Bxc6 bxc6 20. Qa4 $16) (18...
Bh3 19. Qb3 $16 (19. Qh5)) (18... Bc8 19. Qb3 Qxd4 20. Be3 $16 {[%csl Rb6,Rb7]}
) 19. Qb3 Bc7 20. Be3 Rd7 21. Bc4 Qxb3 22. Bxb3 $16) 17... Rfe8 18. h3 Nf5 19.
Rd1 (19. Nxd5 $2 Qxd4) 19... Ne7 20. Be3 (20. Nxd5 $2 Nxd5 21. Bxd5 Bxh3 $17)
20... Qxb2 $6 21. Rab1 Qxa3 22. Bc1 Bf5 $1 23. Bxa3 Bxd3 24. Bxd6 Bxb1 25. Bxe7
Rxe7 26. Rxb1 Rc7 27. Nxd5 Rc4 (27... Rcd7 28. Rb5 a4) 28. Rxb7 Rxd4 29. Ra7
Rd1+ 30. Kh2 Rd2 31. Rxa5 (31. Kg1 Rd1+ $10) 31... Rxf2 32. g4 Rd2 33. Kg3 Rb2
34. Bf3 Rb3 35. h4 Rbb8 36. Nf4 (36. Ra7 {Weiß kann die 7.Reihe nicht
behaupten.} Rd6 {/\ Rbd8/R6d7}) 36... Rd7 37. h5 Rc7 38. Ra3 Rbc8 39. Ra6 Rb8
$2 (39... h6 $142 $16 40. Bd5 Re8 41. Ne6 Rd7 42. Be4 Kg8 43. Kf4 Rc8 44. Kf5 (
44. Bf5 Rb8 45. Nc5 Rc7 46. Ne4 Rd8 47. Nxf6+ gxf6 48. Rxf6 Rc4+ 49. Kg3 Rc1
50. Rxh6) 44... Kf7 (44... Kh7 45. Ra5 Re7 46. Ra1 Rd7 47. Ra6 Rb8 48. Rc6 Ra7
49. Rd6 Re8) 45. Bc6 Re7 46. Bd5 Kg8 47. Kg6) 40. h6 $1 gxh6 41. Rxf6 Ra7 42.
Bd5 Rd7 43. Rxh6 Rb1 44. Rf6 Rb8 45. Kh4 Rg7 46. Kh5 Rd8 47. g5 Rb8 48. Kh6 Rd7
49. g6 Rg7 50. Be4 (50. Rf7 Rbg8 51. Be4 hxg6 52. Nxg6+ Rxg6+ 53. Bxg6) 50...
hxg6 51. Nxg6+ Rxg6+ (51... Kg8 $2 52. Bd5+ $18) 52. Bxg6 $18 {Schulz,A: Einer
der ganz seltenen Fälle, in denen dieses Endspiel mit einer Gewinnstellung
erreicht wird.} Rg8 (52... Kg8 $2 {Endspiel-CD} 53. Bf5 Ra8 54. Be6+ Kh8 55.
Rf7 Rb8 56. Rh7#) 53. Bh7 (53. Bf7 $4 {Endspiel-CD} Rg7 $10) 53... Rd8 54. Be4
{[%cal Re4d5,Rf6f7,Rf7h7]} (54. Bf5 {Endspiel-CD} Rg8 55. Be6 $140 $4 Rg6+ $10)
(54. Rf7 $4 {Endspiel-CD} Rd6+ 55. Bg6 Kg8 56. Rf1 Rb6 $10) 54... Rg8 (54...
Rc8 $2 {Endspiel-CD} 55. Bd5 Rb8 56. Be6 (56. Rf7 $4 Rb6+ $10) 56... Ra8 57.
Rf7 Re8 58. Rh7#) 55. Re6 Rg3 56. Re5 $2 (56. Bg6 $18 Rh3+ 57. Bh5 Rg3 58. Rc6
(58. Rd6 {Endspiel-CD} Rg1 59. Bg6 Rh1+ 60. Kg5 Kg7 $1 (60... Rg1+ $2 61. Kf6
Rf1+ 62. Bf5 Rg1 63. Rd4 Rg3 64. Rh4+ Kg8 65. Be6+ Kf8 66. Rh8+ Rg8 67. Rxg8#)
61. Rd7+ $8 Kf8 62. Kf6 $8 Rf1+ 63. Bf5 $8 Re1 64. Rh7 Rg1 65. Bh3 Rg3 (65...
Rg8 66. Ra7 $18) 66. Be6 Rf3+ 67. Bf5 Rg3 68. Rf7+ Kg8 69. Ra7 Kh8 70. Ra4 Rg1
71. Rh4+ Kg8 72. Be6+ Kf8 73. Rh8+ Rg8 74. Rxg8#) 58... Rg2 59. Rd6 Rg1 60. Bg6
Rh1+ 61. Kg5 Rf1 62. Bf5 Kg7 63. Rd7+ Kf8 64. Kf6 Re1 65. Rh7 Rg1 66. Bh3 Rg3
67. Be6 Rf3+ 68. Bf5 Rg3 69. Rf7+ Kg8 70. Rb7 Kh8 71. Rb4 Rg2 72. Rh4+ Kg8 73.
Be6+ Kf8 74. Rh8+) 56... Rg1 $2 (56... Kg8 $1 $8 {Endspiel-CD} 57. Bg6 Rf3 (
57... Rh3+ $4 58. Bh5 Kf8 59. Re8#) 58. Re8+ Rf8 59. Re7 Rd8 60. Rc7 Kf8 $1 $10
) 57. Rf5 $2 (57. Bg6 $1 {Endspiel-CD} Rh1+ 58. Bh5 Rg1 59. Rc5 Rg7 60. Rc6 Rg1
61. Bg6 Rh1+ 62. Kg5 $18) 57... Rg3 $2 (57... Rg7 $1 {Endspiel-CD} 58. Bd5 Rg6+
$1 $10 59. Kh5 Rh6+ 60. Kg5 Rg6+ 61. Kf4 Kg7 $10) 58. Bf3 Rg1 59. Rf4 Rg3 60.
Bg4 $2 {Schulz,A: droht zwar Matt,aber...} (60. Ra4 $18) (60. Re4 Rg1 61. Bh5
Rg3 62. Re6 Rg1 63. Rd6 Rg2 64. Bg6 Rh2+ 65. Kg5 Rf2 66. Bf5 Kg7 67. Rd7+ Kf8
68. Kf6 $18) 60... Rxg4 1/2-1/2